[Event "Superettan(Orgryte-Lulea)"]
[Site "?"]
[Date "2024.10.05"]
[Round "2"]
[White "Arnelind, Mikael"]
[Black "Takacs, Laszlo"]
[Result "1-0"]
[WhiteElo "2182"]
[BlackElo "2207"]
[PlyCount "89"]
[SourceVersionDate "2024.10.27"]

1. d4 Nf6 2. c4 g6 3. Nc3 d5 4. cxd5 Nxd5 5. e4 Nxc3 6. bxc3 Bg7 7. Bc4 c5 8.
Ne2 Nc6 9. Be3 O-O 10. O-O b6 11. h4 Qc7 12. dxc5 bxc5 13. Qc1 Ne5 14. Bf4 Qd7
15. Bd5 Rb8 16. Qe3 Ba6 17. Rad1 Qb5 18. Rfe1 Qa5 19. Qg3 Qc7 20. Nd4 cxd4 21.
cxd4 e6 22. Bb3 Rb5 23. Bxe5 Bxe5 24. dxe5 Qxe5 25. Qxe5 Rxe5 26. Rd7 Ra8 27.
f3 Bb5 28. Rc7 g5 29. hxg5 Rxg5 30. Rec1 a5 31. Rc8+ Rxc8 32. Rxc8+ Kg7 33. a4
Bd7 34. Rc7 Be8 35. Bxe6 Bxa4 36. Rxf7+ Kg6 37. Ra7 Rc5 38. Bd5 Bc2 39. Kf2 a4
40. Ke3 Rb5 41. Kf4 h5 42. Bf7+ Kh6 43. Be8 Rb2 44. g4 hxg4 45. fxg4 1-0

[Event "Superettan(Helsingborg-Schack 08)"]
[Site "?"]
[Date "2024.10.05"]
[Round "2"]
[White "Johansson, Thomas"]
[Black "Bjorkeroth, Johan"]
[Result "1-0"]
[WhiteElo "2179"]
[BlackElo "2118"]
[PlyCount "93"]
[EventDate "2024.??.??"]
[SourceVersionDate "2024.10.29"]

1. e4 c6 2. d4 d5 3. exd5 cxd5 4. c4 Nf6 5. Nc3 Nc6 6. Bg5 Be6 7. Nf3 g6 8. c5 Bg7 9. Bb5 Ne4 10. Qa4 Nxg5 11. Bxc6+ bxc6 12. Nxg5 Bd7 13. O-O O-O 14. Nf3 f6 15. Rfe1 Re8 16. b4 a6 17. Qb3 Bg4 18. a4 e5 19. Ne4 Bxf3 20. gxf3 Bf8 21. dxe5 fxe5 22. b5 axb5 23. axb5 Rxa1 24. Rxa1 Kh8 25. Rd1 Qb8 26. Nf6 Rd8 27. f4 Qxb5 28. Qh3 h6 29. Qe6 Bg7 30. Qe7 Rb8 31. Ra1 Qb7 32. Qxb7 Rxb7 33. Ra8+ Bf8 34. fxe5 Kg7 35. Ne8+ Kf7 36. Nd6+ Bxd6 37. cxd6 c5 38. Rc8 Ke6 39. Re8+ Kf7 40. Rc8 Ke6 41. f4 c4 42. Kf2 g5 43. Re8+ Kf5 44. fxg5 c3 45. Ke3 Rb4 46. d7 c2 47. Kd2 1-0

[Event "Superettan(Farsta-Västerås)"]
[Site "?"]
[Date "2024.10.05"]
[Round "2"]
[White "Namini, Armin"]
[Black "Hamark, Jesper"]
[Result "0-1"]
[WhiteElo "2185"]
[BlackElo "2296"]
[PlyCount "80"]
[SourceVersionDate "2024.10.30"]

1. c4 d6 2. g3 e5 3. Bg2 f5 4. Nc3 Nf6 5. e3 Be7 6. d4 O-O 7. Nge2 c6 8. O-O
Na6 9. c5 e4 10. cxd6 Bxd6 11. f3 exf3 12. Bxf3 Nc7 13. Qd3 Be6 14. Bd2 Qd7 15.
Bg2 Ncd5 16. Rac1 Kh8 17. a3 Rae8 18. Nxd5 Nxd5 19. Nc3 Be7 20. Rf2 Nxc3 21.
Bxc3 Kg8 22. Rcf1 b5 23. Re1 Bc4 24. Qc2 g6 25. e4 fxe4 26. Rxf8+ Bxf8 27. Bxe4
Bg7 28. Rd1 Bd5 29. Bg2 Bf6 30. Qf2 Rf8 31. Qd2 Kg7 32. Bb4 Rf7 33. Bc5 a6 34.
h3 h5 35. Kh2 h4 36. gxh4 Bxh4 37. Rf1 Rxf1 38. Bxf1 Qc7+ 39. Kg1 Qg3+ 40. Bg2
Bg5 0-1

[Event "Superettan(Orgryte-Lulea)"]
[Site "?"]
[Date "2024.10.05"]
[Round "2"]
[White "Marcussen, Arno"]
[Black "Anderzen, Robert"]
[Result "1-0"]
[WhiteElo "2159"]
[BlackElo "2094"]
[PlyCount "77"]
[SourceVersionDate "2024.10.27"]

1. e4 c5 2. Nf3 Nc6 3. Bb5 g6 4. O-O Bg7 5. c3 Nf6 6. Re1 O-O 7. d4 cxd4 8.
cxd4 a6 9. Bf1 d5 10. e5 Ne4 11. h3 f6 12. exf6 Bxf6 13. Nc3 Bf5 14. g4 Be6 15.
Be3 Qd7 16. Bg2 Nxc3 17. bxc3 Rac8 18. Ng5 Nd8 19. Qb3 Rc4 20. a4 Qc6 21. Nxe6
Nxe6 22. Bd2 Bh4 23. Re5 Nc7 24. Be1 Bf6 25. Re2 b5 26. a5 b4 27. Ra4 Rb8 28.
Re3 Rb5 29. Bf1 Kg7 30. Rf3 bxc3 31. Rxc4 dxc4 32. Qxc3 Rb3 33. Rxf6 Qxf6 34.
Qxc4 Rb1 35. Bc3 Nb5 36. Bd2 Rd1 37. Qc2 Qf3 38. d5 Qe2 39. Bh6+ 1-0

[Event "Superettan(Helsingborg-Schack 08)"]
[Site "?"]
[Date "2024.10.05"]
[Round "2"]
[White "Sternlund, Hakan"]
[Black "Rosell, Tomas"]
[Result "1/2-1/2"]
[WhiteElo "2113"]
[BlackElo "2183"]
[PlyCount "49"]
[SourceVersionDate "2024.10.29"]

1. c4 f5 2. Nc3 Nf6 3. g3 g6 4. Bg2 Bg7 5. Nf3 O-O 6. O-O d6 7. d4 c6 8. d5 e5
9. dxe6 Bxe6 10. Qd3 Na6 11. Nd4 Bf7 12. e3 Nc5 13. Qe2 Qb6 14. b3 Rfe8 15. Bb2
Nfe4 16. Rfd1 Re7 17. Rac1 Rae8 18. Nf3 Qa5 19. Nd4 Qb6 20. Qc2 a5 21. Nde2 Qc7
22. Nxe4 fxe4 23. Bxg7 Kxg7 24. Qc3+ Kg8 25. Rc2 1/2-1/2

[Event "Superettan(Farsta-Västerås)"]
[Site "?"]
[Date "2024.10.05"]
[Round "2"]
[White "Kretz, Johan"]
[Black "Jaderberg, Bjorn"]
[Result "1/2-1/2"]
[WhiteElo "2142"]
[BlackElo "2161"]
[PlyCount "79"]
[SourceVersionDate "2024.10.30"]

1. d4 e6 2. c4 b6 3. Nf3 Bb7 4. g3 Bxf3 5. exf3 Bb4+ 6. Nc3 Bxc3+ 7. bxc3 Nf6
8. Bg2 O-O 9. O-O Nc6 10. f4 Rc8 11. Ba3 Re8 12. Qa4 Na5 13. c5 d5 14. Bb4 Nc4
15. Qa6 Qd7 16. Rfe1 c6 17. Bf1 Qc7 18. Bxc4 dxc4 19. cxb6 axb6 20. Qxc4 b5 21.
Qb3 Nd5 22. Bc5 Ra8 23. c4 bxc4 24. Qxc4 Reb8 25. Reb1 h6 26. Rxb8+ Qxb8 27. a4
Qb2 28. Qa2 Qxa2 29. Rxa2 Nc3 30. Ra3 Nxa4 31. Kg2 Nb6 32. Rxa8+ Nxa8 33. Kf3
f5 34. Ke3 Kf7 35. Kd3 Ke8 36. Bd6 Kd7 37. Be5 g6 38. Kc4 Nb6+ 39. Kb4 Nd5+ 40.
Kc4 1/2-1/2

[Event "Superettan(Orgryte-Vasteras)"]
[Site "?"]
[Date "2024.10.04"]
[Round "1"]
[White "Eriksson, Anders"]
[Black "Troberg Eskola, Love"]
[Result "0-1"]
[WhiteElo "2156"]
[BlackElo "2045"]
[PlyCount "182"]
[SourceVersionDate "2024.10.27"]

1. Nf3 g6 2. d4 Nf6 3. g3 b5 4. Bg2 Bb7 5. c3 e6 6. O-O a5 7. a4 b4 8. c4 Bg7
9. Nbd2 O-O 10. Qc2 c5 11. Nb3 Be4 12. Qd1 cxd4 13. Nfxd4 Bxg2 14. Kxg2 Qc7 15.
Nd2 d5 16. cxd5 Nxd5 17. Nb5 Qc6 18. Kg1 Nd7 19. Nb3 Rfd8 20. Bg5 N7f6 21. Rc1
Qe8 22. Qc2 Rdc8 23. Qb1 Rxc1 24. Rxc1 Qf8 25. N3d4 h6 26. Bd2 e5 27. Nc6 e4
28. e3 Qe8 29. Qc2 Qe6 30. Qc4 h5 31. Nbd4 Qd7 32. b3 Kh8 33. Ne5 Qe7 34. Qc6
Rf8 35. Nc4 Qd8 36. Qb5 Ng4 37. Nxa5 Bxd4 38. exd4 Qf6 39. Qe2 Qxd4 40. Nc4 f5
41. Be1 Kh7 42. Qb2 Qxb2 43. Nxb2 Ne5 44. Rc5 Nf3+ 45. Kf1 Nxh2+ 46. Ke2 Rd8
47. a5 Nf3 48. Nc4 Nd4+ 49. Kf1 Nxb3 50. Rb5 Nd4 51. Rb7+ Kg8 52. a6 Nc6 53.
Nb6 Na5 54. Rd7 Rxd7 55. Nxd7 Nc6 56. Nc5 Kf7 57. f3 exf3 58. Kf2 g5 59. Kxf3
Nd4+ 60. Kg2 Nb5 61. Bf2 Ndc7 62. Be3 Kg6 63. Kf3 h4 64. gxh4 gxh4 65. Kg2 Kh5
66. Kh3 Nd5 67. Bd2 Na7 68. Nb3 Nc6 69. Nd4 Nxd4 70. a7 Nc7 71. Bxb4 Nde6 72.
Bd6 Ng5+ 73. Kg2 Na8 74. Bb8 Kg4 75. Bd6 Ne4 76. Be5 f4 77. Bd4 h3+ 78. Kh2 Ng5
79. Bc5 Nf3+ 80. Kh1 Kg3 81. Bf2+ Kg4 82. Bc5 Ng5 83. Kh2 Ne4 84. Bd4 Nd2 85.
Bc5 Nf1+ 86. Kg1 h2+ 87. Kg2 f3+ 88. Kh1 Kg3 89. Bd6+ Kh3 90. Bf4 f2 91. Bxh2
Ng3+ 0-1

[Event "Superettan(Farsta-Kristineberg)"]
[Site "?"]
[Date "2024.10.04"]
[Round "1"]
[White "Lindeman, Sven"]
[Black "Abedinov, Adnan"]
[Result "0-1"]
[WhiteElo "2176"]
[BlackElo "2164"]
[PlyCount "116"]
[SourceVersionDate "2024.10.27"]

1. e4 c5 2. Nf3 d6 3. d4 cxd4 4. Nxd4 Nf6 5. Nc3 g6 6. Be3 Bg7 7. f3 O-O 8. Qd2
Nc6 9. O-O-O d5 10. Nxc6 bxc6 11. Bh6 Qa5 12. Bxg7 Kxg7 13. exd5 cxd5 14. g4 e6
15. h4 h5 16. Qg5 Qd8 17. Qe5 Kg8 18. Bd3 Bb7 19. Rhg1 hxg4 20. fxg4 Nd7 21.
Qd6 Rc8 22. Bb5 Nc5 23. Qf4 Qc7 24. Qf2 a6 25. Bf1 Qb6 26. Kb1 Rb8 27. b3 Rfc8
28. Rg3 Bc6 29. h5 g5 30. h6 Nd7 31. Qd2 f6 32. Re3 Nf8 33. Rf3 Qd8 34. Bxa6 d4
35. Bxc8 Bxf3 36. h7+ Kh8 37. Rf1 Rxc8 38. Rxf3 dxc3 39. Qe1 Qd4 40. a4 Nxh7
41. Rd3 Qxg4 42. Rxc3 Rd8 43. Ka2 Qb4 44. Qg3 Qf4 45. Qe1 Qd2 46. Qxd2 Rxd2 47.
a5 Rd7 48. b4 Ra7 49. Rc6 Nf8 50. a6 g4 51. b5 f5 52. Kb3 Nd7 53. Kb4 Kg7 54.
Rxe6 Kf7 55. Rh6 g3 56. Rh3 f4 57. Rh4 g2 58. Rg4 f3 0-1

[Event "Superettan(Orgryte-Vasteras)"]
[Site "?"]
[Date "2024.10.04"]
[Round "1"]
[White "Kleimark, Anders"]
[Black "Bjorkman, Filip"]
[Result "1/2-1/2"]
[WhiteElo "1965"]
[BlackElo "2114"]
[PlyCount "94"]
[SourceVersionDate "2024.10.27"]

1. d4 Nf6 2. c4 g6 3. g3 c6 4. Bg2 d5 5. cxd5 cxd5 6. Nf3 Bg7 7. O-O O-O 8. Qb3
Nc6 9. Nc3 Ne4 10. e3 Na5 11. Qd1 Bf5 12. Nh4 Nxc3 13. bxc3 Rc8 14. Nxf5 gxf5
15. Qd3 e6 16. Ba3 Re8 17. Rab1 Nc4 18. Bc1 Re7 19. Qc2 Qa5 20. Qb3 Rec7 21.
Rd1 Bf8 22. Bf1 Nd6 23. Bd2 Ne4 24. Be1 Nxc3 25. Rd3 b6 26. Kg2 Ba3 27. h4 Rc4
28. h5 h6 29. g4 fxg4 30. Rxc3 Rxc3 31. Qd1 f5 32. Rb5 Rc1 33. Qxc1 Bxc1 34.
Bxa5 bxa5 35. Rxa5 Rc7 36. Kg3 Kf7 37. Bb5 Bd2 38. Ra6 Bb4 39. a3 Be1 40. Rc6
Rb7 41. a4 Re7 42. Rc1 Bb4 43. Rc8 Bd6+ 44. Kg2 Kf6 45. Rg8 Rh7 46. Be8 Rg7 47.
Rxg7 Kxg7 1/2-1/2

[Event "Superettan(Farsta-Kristineberg)"]
[Site "?"]
[Date "2024.10.04"]
[Round "1"]
[White "Bornlinder Thiborg, Jesper"]
[Black "Lyu, Tianmin"]
[Result "1/2-1/2"]
[WhiteElo "2080"]
[BlackElo "2031"]
[PlyCount "120"]
[SourceVersionDate "2024.10.27"]

1. d4 Nf6 2. Bf4 g6 3. e3 Bg7 4. Be2 O-O 5. Nd2 c5 6. c3 d5 7. Ngf3 Qb6 8. Qb3
Nc6 9. O-O Qxb3 10. Nxb3 c4 11. Nbd2 Bf5 12. Ne5 Nxe5 13. Bxe5 Ne4 14. Bxg7
Kxg7 15. Nxe4 Bxe4 16. f3 Bf5 17. e4 dxe4 18. Bxc4 exf3 19. Rxf3 Rac8 20. Bb3
Be4 21. Re3 f5 22. g4 Rf6 23. Rf1 a5 24. gxf5 gxf5 25. Kf2 Rb6 26. Rg1+ Kf6 27.
Rh3 f4 28. Rh4 a4 29. Rxf4+ Bf5 30. Bc2 e6 31. Bxf5 exf5 32. Ke3 Rxb2 33. Kd3
Rxh2 34. Rgf1 Rh3+ 35. Kd2 Rh5 36. R4f2 Rc7 37. Rb1 Kg5 38. Rg1+ Kh6 39. Rg8
Rf7 40. Ke3 Re7+ 41. Kd3 Rh3+ 42. Kd2 Rf7 43. Rf4 Kh5 44. a3 Rh4 45. Rf3 b5 46.
Kd3 f4 47. Ke4 Rh1 48. Ke5 Re1+ 49. Kd6 Kh4 50. Rf2 Re3 51. d5 Kh3 52. Rf1 Kh2
53. Rf2+ Kh3 54. Rf1 Rg3 55. Ke6 Ra7 56. Rb8 Re3+ 57. Kf6 f3 58. Rg8 Kh2 59.
Rf2+ Kh3 60. Rf1 Kh2 1/2-1/2

[Event "Superettan(Orgryte-Vasteras)"]
[Site "?"]
[Date "2024.10.04"]
[Round "1"]
[White "Adahl, Mattias"]
[Black "Eksmyr, Johan"]
[Result "0-1"]
[WhiteElo "2075"]
[BlackElo "2083"]
[PlyCount "140"]
[SourceVersionDate "2024.10.27"]

1. d4 Nf6 2. Nf3 g6 3. Nbd2 d5 4. c3 a5 5. e3 Bf5 6. c4 e6 7. Ne5 h5 8. Qb3 Ra7
9. c5 Nbd7 10. c6 Nxe5 11. dxe5 a4 12. Qc3 d4 13. Qxd4 Qxd4 14. exd4 Nd5 15.
Bb5 Ra5 16. Be2 bxc6 17. a3 c5 18. Nf3 cxd4 19. Nxd4 Bc5 20. Nc6 Ra8 21. Bg5
O-O 22. h3 Bb6 23. g4 Be4 24. f3 Bc2 25. Kd2 Bb3 26. Bd3 Kg7 27. Raf1 f6 28.
exf6+ Nxf6 29. Rh2 Bc5 30. Rg2 hxg4 31. hxg4 Bd6 32. Rh1 Rh8 33. Rxh8 Rxh8 34.
Re2 Bd5 35. Ne5 Bxe5 36. Rxe5 Rh2+ 37. Re2 Rh3 38. Bxf6+ Kxf6 39. f4 Rf3 40.
g5+ Kg7 41. Be4 Rxf4 42. Bxd5 exd5 43. Re7+ Rf7 44. Re6 c5 45. Ra6 Rf2+ 46. Ke3
Rxb2 47. Ra7+ Kf8 48. Rc7 Rc2 49. Kf4 d4 50. Ke4 Rc1 51. Ra7 Re1+ 52. Kd3 Rg1
53. Rxa4 Rxg5 54. Ra7 Rg3+ 55. Ke2 c4 56. a4 Ra3 57. a5 Ke8 58. Rc7 Ra4 59. Rg7
Ra2+ 60. Ke1 d3 61. Rc7 Ra4 62. a6 Kd8 63. Rc6 Kd7 64. Rxg6 c3 65. a7 Ra1+ 66.
Kf2 c2 67. Rg1 Rxa7 68. Ke3 Ra3 69. Kd2 Rb3 70. Rg3 c1=Q+ 0-1

[Event "Superettan(Farsta-Kristineberg)"]
[Site "?"]
[Date "2024.10.04"]
[Round "1"]
[White "Lagerborg, Krister"]
[Black "Dimovski, Mende"]
[Result "0-1"]
[WhiteElo "2013"]
[BlackElo "2113"]
[PlyCount "80"]
[SourceVersionDate "2024.10.27"]

1. e4 d5 2. exd5 Nf6 3. Nf3 Nxd5 4. d4 g6 5. Be2 Bg7 6. O-O O-O 7. c4 Nb6 8. h3
Nc6 9. Be3 e5 10. d5 Ne7 11. Nc3 f5 12. Bc5 Re8 13. a4 Nd7 14. Ba3 e4 15. Ng5
Nf6 16. Qb3 b6 17. Rfd1 h6 18. Ne6 Bxe6 19. dxe6 Qc8 20. c5 Kh7 21. Rac1 c6 22.
cxb6 axb6 23. Nb5 Ned5 24. Nd6 Qxe6 25. Nxe8 Rxe8 26. Bc4 f4 27. f3 Qe5 28.
Bxd5 Nxd5 29. Rxc6 Ne3 30. Rdd6 exf3 31. Qd3 f2+ 32. Kxf2 Ng4+ 33. Kg1 Qe1+ 34.
Qf1 Qe3+ 35. Kh1 Nf2+ 36. Kh2 Qg3+ 37. Kg1 Nxh3+ 38. Kh1 Re1 39. Rd1 Nf2+ 40.
Kg1 Rxd1 0-1

[Event "Superettan(Schack 08-Wasa II)"]
[Site "?"]
[Date "2024.10.04"]
[Round "1"]
[White "Mustaps, Matiss"]
[Black "Nyander, Joakim"]
[Result "0-1"]
[WhiteElo "2367"]
[BlackElo "2159"]
[PlyCount "90"]
[SourceVersionDate "2024.10.27"]

1. e4 c5 2. Nf3 e6 3. d4 cxd4 4. Nxd4 a6 5. Nc3 Qc7 6. Bd3 Nf6 7. f4 d6 8. Qf3
Be7 9. g4 b5 10. g5 Nfd7 11. a4 b4 12. Na2 a5 13. c3 Nc5 14. Bb5+ Kf8 15. f5 e5
16. f6 exd4 17. cxd4 Ne6 18. O-O Bd8 19. Qh5 Rg8 20. Be3 gxf6 21. Rac1 Qb7 22.
Qh6+ Rg7 23. d5 Nc5 24. Rf4 Kg8 25. Rxf6 Nxe4 26. Rxd6 Bxg5 27. Bxg5 Rxg5+ 28.
Kf1 Bh3+ 29. Ke1 Qe7 30. Re6 Bxe6 31. dxe6 Qxe6 32. Qxe6 fxe6 33. Rc8+ Kf7 34.
Bd3 Nd6 35. Rh8 Rg1+ 36. Kd2 Rg2+ 37. Ke3 Rxh2 38. Nc1 Rxb2 39. Ne2 Rb3 40. Nd4
Nf5+ 41. Nxf5 exf5 42. Ke2 Kg7 43. Rd8 Ra7 44. Bb5 Rb7 45. Kd2 Rc3 0-1

[Event "Superettan(Rock.,Sthlm II-Helsingborg)"]
[Site "?"]
[Date "2024.10.04"]
[Round "1"]
[White "Beerdsen, Thomas"]
[Black "Kenneskog, Theodor"]
[Result "1-0"]
[WhiteElo "2509"]
[BlackElo "2278"]
[PlyCount "81"]
[SourceVersionDate "2024.10.27"]

1. e4 c5 2. Nf3 d6 3. d4 cxd4 4. Nxd4 Nf6 5. Nc3 a6 6. Nb3 e5 7. Bg5 Be7 8. Qd3
Be6 9. Bxf6 Bxf6 10. O-O-O Be7 11. g3 Nd7 12. f4 b5 13. f5 Bc4 14. Qf3 Nb6 15.
Na5 Bxf1 16. Rhxf1 Qc7 17. Rd3 Rc8 18. Qe2 O-O 19. Kb1 Rfe8 20. Rfd1 Na4 21.
Nb3 Nxc3+ 22. Rxc3 Qb7 23. Rcd3 Rc4 24. Rd5 Qc7 25. Qd3 Rc8 26. Rd2 Qb6 27. Rg2
a5 28. h4 h6 29. Nc1 b4 30. Rd2 a4 31. Qf3 Rc3 32. Qg4 R8c6 33. Nd3 a3 34. Qe2
axb2 35. Qf2 Qc7 36. Rb5 R6c4 37. Nxb4 Qd7 38. Rb8+ Kh7 39. Nd5 Ra3 40. f6 gxf6
41. Nxf6+ 1-0

[Event "Superettan(Lulea-Skara)"]
[Site "?"]
[Date "2024.10.04"]
[Round "1"]
[White "Djurhuus, Rune"]
[Black "Mikheev, Stanislav"]
[Result "1/2-1/2"]
[WhiteElo "2376"]
[BlackElo "2234"]
[PlyCount "104"]
[SourceVersionDate "2024.10.27"]

1. e4 c5 2. Nf3 Nc6 3. Bb5 d6 4. O-O Bd7 5. c3 Nf6 6. Re1 a6 7. Bf1 Bg4 8. h3
Bh5 9. d3 e6 10. Nbd2 Be7 11. Be2 d5 12. exd5 exd5 13. Nf1 O-O 14. Ng3 Bg6 15.
Nh4 Qd7 16. Bg5 h6 17. Bxf6 Bxf6 18. Bg4 Qd6 19. Nxg6 fxg6 20. Re6 Qc7 21. Qe2
Ne5 22. Re1 Nxg4 23. Qxg4 Qf7 24. R1e2 Rae8 25. Rxe8 Rxe8 26. Rxe8+ Qxe8 27.
Ne2 Bg5 28. g3 Kh7 29. Kg2 Bd2 30. h4 Qb5 31. Qf3 Qxb2 32. Qxd5 Bxc3 33. Qe4
Bd2 34. h5 Qf6 35. Qxb7 gxh5 36. Qd5 Qg5 37. Qc4 Qg4 38. d4 Bb4 39. a3 Bxa3 40.
Qd3+ Kh8 41. Nf4 Bb4 42. d5 h4 43. d6 hxg3 44. fxg3 c4 45. Qe4 h5 46. Qe8+ Kh7
47. d7 Ba5 48. Qe4+ Kh8 49. Qxc4 h4 50. Qd3 Qxg3+ 51. Qxg3 hxg3 52. Ne6 Kg8
1/2-1/2

[Event "Superettan(Schack 08-Wasa II)"]
[Site "?"]
[Date "2024.10.04"]
[Round "1"]
[White "Karlsson, Tomas"]
[Black "Rogule, Laura"]
[Result "0-1"]
[WhiteElo "2260"]
[BlackElo "2248"]
[PlyCount "88"]
[SourceVersionDate "2024.10.27"]

1. e4 c5 2. Nf3 d6 3. d4 cxd4 4. Nxd4 Nf6 5. Nc3 Nc6 6. Bc4 Qb6 7. Nb3 e6 8.
Be3 Qc7 9. Be2 a6 10. a4 b6 11. f4 Bb7 12. O-O Be7 13. Qe1 O-O 14. Qf2 Nd7 15.
Bf3 Bf6 16. g4 Bxc3 17. bxc3 Ne7 18. Bd2 e5 19. f5 d5 20. Qe2 dxe4 21. Bxe4
Bxe4 22. Qxe4 Nf6 23. Qe2 Rfc8 24. g5 Nfd5 25. Rf3 Qc4 26. Qxe5 Nc6 27. Qg3 Re8
28. Rf2 Rad8 29. Re1 Rxe1+ 30. Bxe1 Qe4 31. Bd2 Qxc2 32. Nd4 Nxd4 33. cxd4 Qxa4
34. f6 Qxd4 35. fxg7 Qe4 36. Qb3 Qg4+ 37. Rg2 Qd4+ 38. Rf2 Qg4+ 39. Rg2 Qe4 40.
Rf2 Rc8 41. Qa3 a5 42. Qd6 Qg4+ 43. Kf1 Qd1+ 44. Kg2 Ne3+ 0-1

[Event "Superettan(Rock.,Sthlm II-Helsingborg)"]
[Site "?"]
[Date "2024.10.04"]
[Round "1"]
[White "Bator, Robert"]
[Black "Semcesen, Daniel"]
[Result "1/2-1/2"]
[WhiteElo "2351"]
[BlackElo "2433"]
[PlyCount "27"]
[SourceVersionDate "2024.10.27"]

1. e4 e5 2. Nf3 Nc6 3. Nc3 g6 4. d4 exd4 5. Nd5 Bg7 6. Bg5 Nce7 7. Nxd4 c6 8.
Nc3 h6 9. Be3 d5 10. exd5 Nxd5 11. Nxd5 Qxd5 12. Be2 Ne7 13. O-O O-O 14. c3
1/2-1/2

[Event "Superettan(Lulea-Skara)"]
[Site "?"]
[Date "2024.10.04"]
[Round "1"]
[White "Ernst, Thomas"]
[Black "Ronneland, Daniel"]
[Result "0-1"]
[WhiteElo "2261"]
[BlackElo "2203"]
[PlyCount "92"]
[SourceVersionDate "2024.10.27"]

1. e4 e5 2. Nf3 Nc6 3. Bb5 a6 4. Ba4 Nf6 5. O-O Be7 6. Re1 b5 7. Bb3 d6 8. c3
O-O 9. h3 Nb8 10. d4 Nbd7 11. Nbd2 Bb7 12. Bc2 Re8 13. Nf1 Bf8 14. Ng3 g6 15.
Bg5 c5 16. d5 h6 17. Bd2 c4 18. Nh2 Nc5 19. f4 exf4 20. Bxf4 Bg7 21. Nf3 Qb6
22. Kh1 Nfd7 23. Qd2 h5 24. Rf1 Ne5 25. Bh6 Qd8 26. Bxg7 Kxg7 27. Nxe5 Rxe5 28.
Rf4 Qe7 29. Raf1 Rf8 30. R1f3 h4 31. Nf5+ gxf5 32. Rxf5 Rxf5 33. Rxf5 Rg8 34.
Qf4 Bc8 35. Rh5 Kf8 36. Rh6 Nd3 37. Qxd6 Qxd6 38. Rxd6 Ke7 39. Rh6 Ne1 40. Bd1
Nxg2 41. Bg4 Ne3 42. Bxc8 Rxc8 43. Rxa6 Nd1 44. e5 Nxb2 45. Ra7+ Kd8 46. Rxf7
Rc5 0-1

[Event "Superettan(Schack 08-Wasa II)"]
[Site "?"]
[Date "2024.10.04"]
[Round "1"]
[White "Astrom, Goran"]
[Black "Bjorkeroth, Johan"]
[Result "1-0"]
[WhiteElo "2207"]
[BlackElo "2118"]
[PlyCount "105"]
[SourceVersionDate "2024.10.27"]

1. e4 c6 2. d4 d5 3. Nc3 dxe4 4. Nxe4 Nf6 5. Nxf6+ exf6 6. c3 Bd6 7. Bd3 O-O 8.
Qc2 Re8+ 9. Ne2 h5 10. O-O h4 11. h3 Nd7 12. Bf4 Nf8 13. Bxd6 Qxd6 14. Rfe1 Ne6
15. Qd2 Bd7 16. Qe3 Rad8 17. Qe4 Ng5 18. Qxh4 g6 19. Qf4 Bxh3 20. Qxd6 Rxd6 21.
f4 Re3 22. fxg5 fxg5 23. Bc4 b5 24. Bxf7+ Kxf7 25. gxh3 Rde6 26. Kf2 Rxh3 27.
Rh1 Rd3 28. Rad1 Rf6+ 29. Kg2 Re3 30. Ng3 Kg7 31. Rhe1 Ref3 32. Rf1 g4 33. Rxf3
Rxf3 34. Re1 Rd3 35. Ne4 b4 36. Kf2 bxc3 37. bxc3 Rf3+ 38. Ke2 Rf4 39. Ke3 Rf3+
40. Ke2 Rf5 41. a4 g5 42. Rg1 Rf4 43. Nf2 Rf5 44. Nd3 Kh6 45. Rxg4 Kh5 46. Rg1
g4 47. Ne5 c5 48. Rxg4 cxd4 49. cxd4 Rf6 50. Ke3 a5 51. d5 Rf1 52. Kd4 Rf5 53.
d6 1-0

[Event "Superettan(Rock.,Sthlm II-Helsingborg)"]
[Site "?"]
[Date "2024.10.04"]
[Round "1"]
[White "Sylvan, Jacob"]
[Black "Hedman, Erik"]
[Result "1/2-1/2"]
[WhiteElo "2313"]
[BlackElo "2272"]
[PlyCount "33"]
[SourceVersionDate "2024.10.27"]

1. e4 c5 2. Nf3 d6 3. d4 cxd4 4. Nxd4 Nf6 5. Nc3 Nc6 6. Nb3 g6 7. Be2 Bg7 8. g4
h5 9. g5 Nd7 10. Be3 O-O 11. f4 Nb6 12. O-O d5 13. e5 Nc4 14. Bf2 Bh3 15. Re1
Nxb2 16. Qxd5 Nb4 17. Qe4 1/2-1/2

[Event "Superettan(Lulea-Skara)"]
[Site "?"]
[Date "2024.10.04"]
[Round "1"]
[White "Grunt Kreken, Eivind"]
[Black "Takacs, Laszlo"]
[Result "1-0"]
[WhiteElo "2287"]
[BlackElo "2207"]
[PlyCount "83"]
[EventDate "2024.??.??"]
[SourceVersionDate "2024.10.27"]

1. e4 c5 2. Nf3 d6 3. d4 cxd4 4. Qxd4 a6 5. Be2 Nc6 6. Qe3 g6 7. O-O Bg7 8. Rd1 Nf6 9. h3 Qc7 10. c4 O-O 11. Nc3 e6 12. b3 Rd8 13. Bb2 Nd7 14. Rd2 Nc5 15. Rad1 b6 16. Qf4 Bb7 17. Bf1 Ne5 18. b4 Nxf3+ 19. Qxf3 Nd7 20. Rxd6 Ne5 21. Rxd8+ Rxd8 22. Rxd8+ Qxd8 23. Qe3 Nc6 24. a3 a5 25. bxa5 Nxa5 26. Na4 Bxb2 27. Nxb2 Qc7 28. e5 Qc6 29. f3 Ba6 30. Qd4 Nb3 31. Qd6 Qxd6 32. exd6 Nc5 33. Na4 Nd7 34. Nxb6 Nxb6 35. c5 Nd7 36. c6 Bc8 37. Bb5 Nc5 38. d7 Bxd7 39. cxd7 Nb7 40. a4 Kf8 41. a5 Ke7 42. a6 1-0

[Event "Superettan(Schack 08-Wasa II)"]
[Site "?"]
[Date "2024.10.04"]
[Round "1"]
[White "Faldt, Magnus"]
[Black "Karlsson, Mats"]
[Result "0-1"]
[WhiteElo "2147"]
[BlackElo "2282"]
[PlyCount "72"]
[SourceVersionDate "2024.10.27"]

1. d4 Nf6 2. c4 g6 3. Nc3 Bg7 4. e4 d6 5. h3 O-O 6. Be3 e5 7. d5 Na6 8. g4 Nc5
9. f3 a5 10. Nge2 Ne8 11. Ng3 f5 12. gxf5 gxf5 13. exf5 Bxf5 14. h4 Bd7 15. Nh5
Nf6 16. Nxg7 Kxg7 17. Qd2 Kh8 18. O-O-O Nh5 19. Bh6 Rf7 20. Rg1 Nf4 21. Bg5 Qf8
22. Ne4 Nxe4 23. fxe4 h6 24. Bxf4 Rxf4 25. Bd3 b6 26. Rg3 Bg4 27. Rdg1 h5 28.
Qe3 Qf6 29. Be2 Rg8 30. R1g2 Rg6 31. a3 Qxh4 32. Rg1 Qf6 33. Kb1 Rxe4 34. Qxe4
Bf5 35. Bd3 Bxe4 36. Rxg6 Bxd3+ 0-1

[Event "Superettan(Rock.,Sthlm II-Helsingborg)"]
[Site "?"]
[Date "2024.10.04"]
[Round "1"]
[White "Zadruzny, Nicolaj"]
[Black "Rosell, Tomas"]
[Result "1-0"]
[WhiteElo "2221"]
[BlackElo "2183"]
[PlyCount "43"]
[SourceVersionDate "2024.10.27"]

1. e4 c5 2. Nf3 d6 3. Bb5+ Nd7 4. c3 Ngf6 5. Qe2 a6 6. Ba4 b5 7. Bc2 Bb7 8. d4
e5 9. O-O g6 10. a4 Bg7 11. dxe5 dxe5 12. Rd1 Qb8 13. axb5 axb5 14. Rxa8 Bxa8
15. c4 b4 16. Ba4 Qa7 17. Bxd7+ Nxd7 18. Qd3 Bc6 19. Qd6 Qb7 20. Bg5 f6 21.
Qe6+ Kf8 22. Nxe5 1-0

[Event "Superettan(Lulea-Skara)"]
[Site "?"]
[Date "2024.10.04"]
[Round "1"]
[White "Hovhannisyan, Hrayr"]
[Black "Friberg, Hans"]
[Result "1-0"]
[WhiteElo "2208"]
[BlackElo "2168"]
[PlyCount "123"]
[SourceVersionDate "2024.10.27"]

1. d4 e6 2. c4 d5 3. Nf3 c5 4. cxd5 exd5 5. g3 Nc6 6. Bg2 Nf6 7. O-O cxd4 8.
Nxd4 Be7 9. Nc3 O-O 10. b3 Qa5 11. Nxc6 bxc6 12. Bb2 Ba3 13. Bxa3 Qxa3 14. Qc2
Be6 15. Na4 Rac8 16. Qc5 Qxc5 17. Nxc5 Nd7 18. Rac1 Nxc5 19. Rxc5 f5 20. Rfc1
Bd7 21. Ra5 Ra8 22. b4 a6 23. a4 Rab8 24. Rxa6 Rxb4 25. Ra7 Rd8 26. a5 Kf8 27.
e3 Ke8 28. Bf1 Rdb8 29. a6 Kd8 30. h4 g6 31. Kg2 h6 32. Be2 Rb2 33. Bd3 R2b3
34. Bc2 R3b4 35. h5 g5 36. Bd3 Rb3 37. Bc2 R3b4 38. Rd1 Rb2 39. Ba4 Be8 40. Rc1
Ra2 41. Rb7 Rc8 42. Bc2 Rxa6 43. Bxf5 Rc7 44. Rb8+ Ke7 45. g4 Bd7 46. Bxd7 Rxd7
47. Rh8 Rd6 48. Rh7+ Kf8 49. Rb1 Kg8 50. Rbb7 Ra8 51. Rbg7+ Kf8 52. Rc7 Kg8 53.
Rhg7+ Kh8 54. Rge7 Rf6 55. Kg3 Rd8 56. f4 gxf4+ 57. exf4 d4 58. g5 hxg5 59.
fxg5 Rfd6 60. Rh7+ Kg8 61. Rcg7+ Kf8 62. h6 1-0

[Event "Superettan(Schack 08-Wasa II)"]
[Site "?"]
[Date "2024.10.04"]
[Round "1"]
[White "Douhan, David"]
[Black "Wester, Fredrik"]
[Result "1/2-1/2"]
[WhiteElo "2033"]
[BlackElo "1981"]
[PlyCount "103"]
[SourceVersionDate "2024.10.27"]

1. e4 c5 2. Nf3 Nc6 3. d4 cxd4 4. Nxd4 g6 5. c4 Bg7 6. Nc2 Nf6 7. Nc3 d6 8. Be2
O-O 9. O-O Be6 10. Be3 Qd7 11. f3 Ne5 12. Nd5 Rfc8 13. b3 b5 14. Nxf6+ Bxf6 15.
cxb5 Qc7 16. Nd4 Qc3 17. Bf2 Nd7 18. Rb1 Nc5 19. Rc1 Qa5 20. Rc2 Bd7 21. Qe1
Qa3 22. Qc1 Qa5 23. Qb1 Qa3 24. Rfc1 e5 25. Nc6 Bxc6 26. bxc6 Rxc6 27. Rc3 Rb8
28. Qc2 Bg5 29. Rd1 Rbc8 30. Rc4 a5 31. h4 Bd8 32. Kh1 R6c7 33. Be3 Ne6 34. Bc1
Rxc4 35. Bxc4 Qc5 36. Qd2 Bxh4 37. Qh6 Qf2 38. Be3 Qg3 39. Rf1 Bg5 40. Bxg5
Nxg5 41. Qh2 Qxh2+ 42. Kxh2 Kf8 43. Rd1 Ke7 44. a3 Rc5 45. Bd5 Ne6 46. b4 axb4
47. axb4 Rb5 48. Ra1 Rxb4 49. Ra7+ Kf6 50. Ra6 Ke7 51. Ra7+ Kf6 52. Ra6 1/2-1/2